| 000 | 00719nam a22002057a 4500 | ||
|---|---|---|---|
| 005 | 20141202161342.0 | ||
| 008 | 140109b xxu||||| |||| 00| 0 eng d | ||
| 020 | _a9781575423951 | ||
| 050 |
_aLC 3993.9 _b.W56 2012 |
||
| 100 | _aWinebrenner, Susan. | ||
| 245 |
_aTeaching gifted kids in today's classroom : _bstrategies and techniques every teacher can use / _cSusan Winebrenner and Dina Brulles. |
||
| 250 | _a3rd ed. | ||
| 260 |
_aMinneapolis, MN : _bFree Spirit Publishing, _c2012. |
||
| 300 |
_aix, 245 p. ; _c28 cm. |
||
| 504 | _aIncludes Index. | ||
| 650 |
_aGifted children _xEducation _zUnited States. |
||
| 700 |
_aBrulles, Dina _econtributing author. |
||
| 942 |
_2lcc _cBK _kFOR |
||
| 999 |
_c25996 _d25996 |
||